00698nam a22001817a 450000500170000001000150001702000260003203500140005803700090007208200150008124500910009626000720018730000200025970000340027994200260031399900190033995201580035820250407120043.0 aENG-144527 c795.00a9789358133387 aEN-128059 bDBAD a338.95421 aInclusive and Sustainable Development For Self Reliant India/cEdited by Aditya bhatta aAssambCentral library, the assam kaziranga university jorhatc2023 a246p.c22cm(pb) aBhatta, Aditya957895eEditor mINC2ddccENh338.954 c210848d210848 001040708NFICaZLSbZLSd2025-04-07eDelivery of Books Act Divisiong795.00l0oINC 338.954pEN-128059r2025-04-07 00:00:00t1v795.00w2025-04-07yEN